Countries that are part of the Schengen Area - Statistics

General Stats
  • This quiz has been taken 36 times
  • The average score is 32 of 33
Answer Stats
Country % Correct
Austria
100%
Belgium
100%
Croatia
100%
Estonia
100%
Finland
100%
Germany
100%
Greece
100%
Iceland
100%
Latvia
100%
Liechtenstein
100%
Lithuania
100%
Luxembourg
100%
Norway
100%
Poland
100%
Portugal
100%
Slovakia
100%
Slovenia
100%
Spain
100%
Sweden
100%
Switzerland
100%
Czechia
96%
France
96%
Hungary
96%
Italy
96%
Malta
96%
The Netherlands
96%
Vatican City
96%
Denmark
92%
Monaco
92%
Romania
92%
San Marino
92%
Andorra
88%
Bulgaria
88%
No matching quizzes found
Score Distribution
Percent of People with Each Score
Percentile by Number Answered
Your Score History
You have not taken this quiz